| 000 | 00730cam a22002174a 4500 | ||
|---|---|---|---|
| 001 | 3103998 | ||
| 005 | 20250122214559.0 | ||
| 008 | 990429s1999 nyu 000 0 eng | ||
| 020 | _a0820541303 (softcover) | ||
| 050 | 0 | 0 |
_aKF6369.3 _b.G35 1999 |
| 082 | 0 | 0 |
_a343.7304 _221 |
| 100 | 1 | _aGershon, I. Richard. | |
| 245 | 1 | 2 |
_aA student's guide to the Internal Revenue Code / _cI. Richard Gershon. |
| 250 | _a4th ed. | ||
| 260 |
_aNew York : _bLEXIS, _c1999. |
||
| 300 |
_axiii, 135, I-6 p. ; _c28 cm. |
||
| 440 | 0 | _aStudent guide series | |
| 650 | 0 |
_aIncome tax _xLaw and legislation _zUnited States _vOutlines, syllabi, etc. |
|
| 650 | 0 |
_aTaxation _xLaw and legislation _zUnited States _vOutlines, syllabi, etc. |
|
| 942 |
_2lcc _cBK _n0 |
||
| 999 |
_c2867 _d2867 |
||